|
|
|
|
| LEADER |
02853nam a2200565 4500 |
| 001 |
ocn919431888 |
| 003 |
OCoLC |
| 005 |
20170124071338.3 |
| 006 |
m o d |
| 007 |
cr cnu---unuuu |
| 008 |
150831s2015 enk ob 001 0 eng d |
| 040 |
|
|
|a N$T
|b eng
|e rda
|e pn
|c N$T
|d YDXCP
|d IDEBK
|d N$T
|d DG1
|d EBLCP
|d CUS
|d DEBSZ
|d OCLCQ
|d COO
|d OCLCO
|d OCLCQ
|d DEBBG
|d YDX
|d KSU
|d CCO
|d GrThAP
|
| 019 |
|
|
|a 958413128
|
| 020 |
|
|
|a 9781118625347
|q (electronic bk.)
|
| 020 |
|
|
|a 111862534X
|q (electronic bk.)
|
| 020 |
|
|
|a 9781118649015
|q (electronic bk.)
|
| 020 |
|
|
|a 111864901X
|q (electronic bk.)
|
| 020 |
|
|
|a 9781118649022
|q (e-book)
|
| 020 |
|
|
|a 1118649028
|q (e-book)
|
| 020 |
|
|
|z 9781848215412
|
| 020 |
|
|
|z 184821541X
|
| 029 |
1 |
|
|a DEBSZ
|b 449492206
|
| 029 |
1 |
|
|a GBVCP
|b 835807819
|
| 029 |
1 |
|
|a DEBBG
|b BV043398011
|
| 035 |
|
|
|a (OCoLC)919431888
|z (OCoLC)958413128
|
| 050 |
|
4 |
|a TK5104
|
| 072 |
|
7 |
|a TEC
|x 009070
|2 bisacsh
|
| 082 |
0 |
4 |
|a 621.3825
|2 23
|
| 049 |
|
|
|a MAIN
|
| 100 |
1 |
|
|a Berthou, Pascal,
|e author.
|
| 245 |
1 |
0 |
|a Satellite and terrestrial hybrid networks /
|c by Pascal Berthou.
|
| 264 |
|
1 |
|a London :
|b Wiley-ISTE,
|c 2015.
|
| 300 |
|
|
|a 1 online resource.
|
| 336 |
|
|
|a text
|b txt
|2 rdacontent
|
| 337 |
|
|
|a computer
|b c
|2 rdamedia
|
| 338 |
|
|
|a online resource
|b cr
|2 rdacarrier
|
| 490 |
1 |
|
|a Networks and Telecommunication Series
|
| 505 |
0 |
|
|a Satellite and Terrestrial Hybrid Networks / Pascal Berthou, Cédric Baudoin, Thierry Gayraud, Matthieu Gineste -- Quality of Service on Next-Generation Terrestrial Networks / Pascal Berthou, Cédric Baudoin, Thierry Gayraud, Matthieu Gineste -- Quality of Service in DVB-S/RCS Satellite Networks / Pascal Berthou, Cédric Baudoin, Thierry Gayraud, Matthieu Gineste -- Integration of Satellites into IMS QoS Architecture / Pascal Berthou, Cédric Baudoin, Thierry Gayraud, Matthieu Gineste -- Inter-System Mobility / Pascal Berthou, Cédric Baudoin, Thierry Gayraud, Matthieu Gineste -- The Transport Layer in Hybrid Networks / Pascal Berthou, Cédric Baudoin, Thierry Gayraud, Matthieu Gineste -- Conclusion -- Bibliography -- Index.
|
| 504 |
|
|
|a Includes bibliographical references and index.
|
| 588 |
0 |
|
|a Print version record.
|
| 650 |
|
0 |
|a Artificial satellites in telecommunication.
|
| 650 |
|
0 |
|a Computer networks
|x Remote access.
|
| 650 |
|
7 |
|a TECHNOLOGY & ENGINEERING
|x Mechanical.
|2 bisacsh
|
| 650 |
|
7 |
|a Artificial satellites in telecommunication.
|2 fast
|0 (OCoLC)fst00817444
|
| 650 |
|
7 |
|a Computer networks
|x Remote access.
|2 fast
|0 (OCoLC)fst00872336
|
| 655 |
|
4 |
|a Electronic books.
|
| 776 |
0 |
8 |
|i Print version:
|a Berthou, Pascal, author.
|t Satellite and terrestrial hybrid networks
|z 9781848215412
|w (OCoLC)863174019
|
| 830 |
|
0 |
|a Networks and telecommunications series.
|
| 856 |
4 |
0 |
|u https://doi.org/10.1002/9781118625347
|z Full Text via HEAL-Link
|
| 994 |
|
|
|a 92
|b DG1
|